000 00632nam a22002297a 4500
003 UA-OsUOA
001 44945
007 ta
008 20070319b un ||||| |||| 00| 0 ukr d
100 _aЧернова Л.
700 _aНазарчук М.
090 _a330(477)
_bЧ-11
942 _cSA
040 _aUA-OsUOA
_bukr
_cUA-OsUOA
_dUA-OsUOA
245 _aПорівняльний аналіз динаміки інвестицій в економіку України
300 _aС.32-42
955 _a0
041 _aukr
080 _a330(477)
773 0 _w44942
650 7 _a330 Економіка взагалі
_2UDC
999 _c331058
_d331058